00642 2200229 4500001002100000005001500021035002000036007000300056008004100059020001800100082000800118084001400126100001700140245010600157250001100263260003600274300003300310650001800343504002500361990001200386990001400398INLIS00000000000615620201022102553 a0010-1020000066ta201022 g | ind  a9789791480130 a615 a615 PER r0 aPERMADI, adi1 aRamuan Herbal Penumpas Hipertensi :bpuluhan ramuan ampuh penurun tekanan darah tinggi /cAdi Permadi aCet. 1 aJakarta :bPustaka Bunda,c2008 aiv, 56 hlm :b.ilus ;c23 cm 4aRamuan herbal aBibliografi : Hal 51 a1071048 a1071048 B